Continent of every country - Statistics

General Stats
  • This quiz has been taken 38 times
  • The average score is 139 of 198
Answer Stats
Country Continent % Correct
Afghanistan Asia
100%
Albania Europe
100%
Andorra Europe
100%
Antigua and Barbuda N. America
100%
Algeria Africa
95%
Angola Africa
95%
Armenia Asia
95%
Argentina S. America
95%
Benin Africa
90%
Botswana Africa
90%
Burkina Faso Africa
90%
Burundi Africa
90%
Cameroon Africa
90%
Cape Verde Africa
90%
Central African Republic Africa
90%
Chad Africa
90%
Comoros Africa
90%
Cote d'Ivoire Africa
90%
Guinea Africa
90%
Guinea-Bissau Africa
90%
Kenya Africa
90%
Lesotho Africa
90%
Liberia Africa
90%
Libya Africa
90%
Azerbaijan Asia
90%
Bahrain Asia
90%
Bangladesh Asia
90%
Bhutan Asia
90%
Brunei Asia
90%
Cambodia Asia
90%
China Asia
90%
Cyprus Asia
90%
India Asia
90%
Indonesia Asia
90%
Iran Asia
90%
Iraq Asia
90%
Israel Asia
90%
Japan Asia
90%
Jordan Asia
90%
Kazakhstan Asia
90%
Kuwait Asia
90%
Kyrgyzstan Asia
90%
Laos Asia
90%
Lebanon Asia
90%
Austria Europe
90%
Belarus Europe
90%
Belgium Europe
90%
Bosnia and Herzegovina Europe
90%
Bulgaria Europe
90%
Croatia Europe
90%
Czech Republic Europe
90%
Greece Europe
90%
Hungary Europe
90%
Iceland Europe
90%
Ireland Europe
90%
Italy Europe
90%
Kosovo Europe
90%
Latvia Europe
90%
Bahamas N. America
90%
Barbados N. America
90%
Belize N. America
90%
Canada N. America
90%
Costa Rica N. America
90%
Cuba N. America
90%
Grenada N. America
90%
Guatemala N. America
90%
Haiti N. America
90%
Honduras N. America
90%
Australia Oceania
90%
Kiribati Oceania
90%
Bolivia S. America
90%
Brazil S. America
90%
Chile S. America
90%
Colombia S. America
90%
Guyana S. America
90%
Dem. Rep. of the Congo Africa
85%
Djibouti Africa
85%
Egypt Africa
85%
Equatorial Guinea Africa
85%
Eritrea Africa
85%
Ethiopia Africa
85%
Gabon Africa
85%
Gambia Africa
85%
Ghana Africa
85%
Madagascar Africa
85%
Malawi Africa
85%
Mali Africa
85%
East Timor Asia
85%
Georgia Asia
85%
Malaysia Asia
85%
Maldives Asia
85%
Denmark Europe
85%
Estonia Europe
85%
Finland Europe
85%
France Europe
85%
Germany Europe
85%
Liechtenstein Europe
85%
Lithuania Europe
85%
Luxembourg Europe
85%
Macedonia Europe
85%
Malta Europe
85%
Dominica N. America
85%
Dominican Republic N. America
85%
El Salvador N. America
85%
Jamaica N. America
85%
Fed. States of Micronesia Oceania
85%
Marshall Islands Oceania
85%
Ecuador S. America
85%
Fiji Oceania
80%
Mauritania Africa
75%
Mauritius Africa
75%
Morocco Africa
75%
Mongolia Asia
75%
Moldova Europe
75%
Monaco Europe
75%
Montenegro Europe
75%
Mexico N. America
75%
Mozambique Africa
70%
Myanmar Asia
70%
Niger Africa
65%
Nigeria Africa
65%
Nepal Asia
65%
North Korea Asia
65%
Oman Asia
65%
Pakistan Asia
65%
Palestine Asia
65%
Netherlands Europe
65%
Norway Europe
65%
Nicaragua N. America
65%
Panama N. America
65%
Nauru Oceania
65%
New Zealand Oceania
65%
Palau Oceania
65%
Papua New Guinea Oceania
65%
Paraguay S. America
60%
Namibia Africa
55%
Republic of the Congo Africa
55%
Philippines Asia
55%
Qatar Asia
55%
Poland Europe
55%
Portugal Europe
55%
Romania Europe
55%
Peru S. America
55%
Rwanda Africa
50%
Sahrawi Arab Dem. Rep. Africa
50%
São Tomé and Príncipe Africa
50%
Senegal Africa
50%
Saudi Arabia Asia
50%
San Marino Europe
50%
Russia Europe / Asia
50%
Saint Kitts and Nevis N. America
50%
Saint Lucia N. America
50%
St Vincent & the Grenadines N. America
50%
Samoa Oceania
50%
Seychelles Africa
45%
Sierra Leone Africa
45%
Somalia Africa
45%
South Africa Africa
45%
South Sudan Africa
45%
Sudan Africa
45%
Swaziland Africa
45%
Singapore Asia
45%
South Korea Asia
45%
Sri Lanka Asia
45%
Syria Asia
45%
Serbia Europe
45%
Slovakia Europe
45%
Slovenia Europe
45%
Spain Europe
45%
Sweden Europe
45%
Switzerland Europe
45%
Solomon Islands Oceania
45%
Suriname S. America
45%
Tanzania Africa
40%
Togo Africa
40%
Taiwan Asia
40%
Tajikistan Asia
40%
Thailand Asia
40%
Trinidad and Tobago N. America
40%
Tonga Oceania
40%
Tunisia Africa
35%
Turkey Asia
30%
Turkmenistan Asia
25%
United Arab Emirates Asia
20%
Uzbekistan Asia
20%
United Kingdom Europe
20%
United States N. America
20%
Tuvalu Oceania
20%
Uruguay S. America
20%
Uganda Africa
15%
Vietnam Asia
15%
Yemen Asia
15%
Ukraine Europe
15%
Vatican City Europe
15%
Zambia Africa
10%
Zimbabwe Africa
10%
Vanuatu Oceania
10%
Venezuela S. America
10%
No matching quizzes found
Score Distribution
Percent of People with Each Score
Percentile by Number Answered
Your Score History
You have not taken this quiz